000
002720000a22000970004500
100
1
_a
Soto Villegas, José
245
1
0
_a
El contexto histórico del Nuevo Testamento
300
_a
Vol. 55, Núm 247 (2000), Páginas 15-20
773
0
_t
La Biblia de las Américas
942
_c
ANA
999
_c
51586
_d
51586